000 00998nam0a22002531 4500
001 rc\4647161
005 20260407184003.0
021 _aRU
_b[58-24070]
035 _a(NLR Aleph) 008689180
090 _a9227785
_c9227785
100 _a20130416d1958 |||y0rusy50 ca
101 0 _arus
102 _aRU
105 _ay z |||||
200 1 _aАннотации докладов
_fНауч.-техн. о-во радиоэлектроники и электросвязи им. А.С. Попова. 2 совещание по электронной микроскопии
210 _aМосква
_cБ. и.
_d1958
215 _a65 с.
_d19
606 _aЭлектронная микроскопия
_jАннотации докладов
_2psbo
710 1 2 _aСовещание по электронной микроскопии
_d2
_f1958
_eМосква
_3RU\NLR\AUTH\8810119784
_9738108
801 0 _aRU
_bNLR
_gpsbo
801 1 _aRU
_bELAR
_2rusmarc
852 _aNLR
_j58-4/7312
942 _cBOOK
980 _aNB